| 000 | 00397nab a22001097u 4500 | ||
|---|---|---|---|
| 008 | 130520b2009 xxu||||| |||| 00| 0 spa d | ||
| 041 | _aspa | ||
| 100 | 1 |
_aRodríguez Campos, William _977903 |
|
| 245 | 0 | 0 |
_aJuan Ecolampadio (1482-1531). La Reforma Protestante en Basilea _cWilliam Rodríguez Campos |
| 773 | 0 |
_tMiscelánea Comillas _gV.67, nº131,2009,págs. 571-577 _x0210-9522 _wRev271 |
|
| 942 | _cAR | ||
| 999 |
_c411419 _d411419 |
||